000
00204 a2200097 4500
001
11815
100
_a
Dutt, V.P.
245
_a
The taming of the Nations
260
_a
_b
Macmillon
_c
090
_c
9071
_d
9071
942
_a
NUST-CAE
_c
_c
35902
999
_c
246888
_d
246888